La vie religieuse dans l'ancienne Égypte /

محفوظ في:

المؤلف الرئيسي: Sainte Fare Garnot, Jean (مؤلف)

التنسيق: كتاب

اللغة: French

منشور في: Paris : Presses Universitaires de France, 1948.

الطبعة: 1st ed.

سلاسل: Mythes et religions ; 22.

الموضوعات:

الوسوم: إضافة وسم

لا توجد وسوم, كن أول من يضع وسما على هذه التسجيلة!

رقم الطلب: BL2441 .S26 1948

LEADER 00756nam a2200253Ii 4500
001 5173
003 OSt
005 20250929065334.0
008 130303s1948 fr b 000 0 fre d
035 |a ocm02029203 
040 |c ARCE Library 
050 4 |a BL2441 .S26 1948 
100 2 |a Sainte Fare Garnot, Jean,   |e author,   |9 39002 
245 1 3 |a La vie religieuse dans l'ancienne Égypte /  |c Jean Sainte Fare Garnot. 
250 |a 1st ed. 
264 1 |a Paris :   |b Presses Universitaires de France,   |c 1948. 
300 |a viii, 146 pages ;   |c 19 cm. 
490 1 |a Mythes et religions ;   |v 22. 
504 |a Bibliography : page [135]-144. 
651 0 |a Egypt  |x Religion. 
830 0 |a Mythes et religions ;   |v 22. 
901 |a reviewed 
942 |c BK  |2 lcc 
999 |c 5116  |d 5116